| 000 | 00716nam a2200193 i 4500 | ||
|---|---|---|---|
| 001 | 21131 | ||
| 003 | ES-MaACL | ||
| 007 | t| | ||
| 008 | 021121s1983 sp ||||1| spa d | ||
| 100 | 1 |
_aAlazraki, Jaime. _919181 |
|
| 245 | 1 | 0 |
_aEn busca del unicornio _b: los cuentos de Julio Cortázar : elementos para una poética de lo neofantástico / _cJaime Alazraki. |
| 260 |
_aMadrid : _bGredos, _c[1983] |
||
| 300 |
_a248 p. ; _c20 cm. |
||
| 490 | 1 |
_aBiblioteca románica hispánica. II. Estudios y ensayos ; _v324 |
|
| 740 | 4 | _aLos cuentos de Julio Cortázar. | |
| 830 | 0 |
_aBiblioteca románica hispánica. II. Estudios y ensayos ; _v324 _9178108 |
|
| 852 |
_aES-MaACL _jL-7883 _bR.108361 |
||
| 999 |
_c21131 _d21131 |
||